Luoyang City Quiz - Statistics

General Stats
  • This quiz has been taken 4 times
  • The average score is 11 of 20
Answer Stats
Hint Answer % Correct
Province in which Luoyang is located Henan
100%
Province that Luoyang borders Shanxi
100%
River that flows north of Luoyang Yellow River
100%
Dynasty during which Luoyang first became capital of China Eastern Zhou Dynasty
75%
Temple where military general Guan Yu was buried Guanlin Temple
75%
River that flows through Luoyang, a tributary of the above Luo River
75%
Famous Tang Dynasty poet buried nearby Bai Juyi
50%
Mountain southwest of Luoyang where Laozi lived Laojun Mountain
50%
Ancient city gates of the Sui and Tang Dynasties in Luoyang Lijing Gate
50%
Palace and temple of the Tang Dynasty in central Luoyang Ming Tang
50%
Tian Tang
50%
Oldest Buddhist temple in China, located east of Luoyang White Horse Temple
50%
Queen of the Tang Dynasty who declared herself empress Wu Zetian
50%
Yingtian Gate
50%
Bronze Age culture believed to be a part of the Xia Dynasty Erlitou Culture
25%
Collection of Buddhist sculptures, located south of Luoyang Longmen Grottoes
25%
Dynasty ruled by ethnic minorities with its capital at Luoyang Northern Wei Dynasty
25%
Traditional Chinese banquet of Luoyang notable for its soup Water Banquet
25%
Mountain temple on the opposite side of a river Xiangshan Temple
25%
Hydraulic dam on this river northwest of Luoyang Xiaolangdi Dam
25%
No matching quizzes found
Score Distribution
Percent of People with Each Score
Percentile by Number Answered
Your Score History
You have not taken this quiz